Piłkarska kariera Didy. - Statystyki

Ogólne statystyki
  • Ten quiz został rozwiązany 41 razy
  • Średni wynik to 2 z 9
Statystyki odpowiedzi
Lata Drużyna % Poprawnych
1999-2010 Milan
100%
1999-2000 Corinthians
26%
2001-2002 Corinthians
26%
2013-2014 Gremio
26%
1994-1999 Cruzeiro
11%
2014-2016 Internacional
6%
1999-1999 Lugano
3%
1992-1994 Vitoria
3%
2012-2013 Portuguesa
0%
Nie znaleziono quizów pasujących do podanych kryteriów
Rozkład punktacji
Procent ludzi z każdym wynikiem
Percentyl według liczby udzielonych odpowiedzi
Twoja historia wyników
Nie rozwiązałeś tego quizu